| 000 | 01001nac a22002411u 4500 | ||
|---|---|---|---|
| 008 | 110619t xxu||||| |||| 00| 0 eng d | ||
| 010 | _a 99027530 | ||
| 020 | _a0324003218 | ||
| 020 | _a9780324003215 | ||
| 082 | 0 | 0 |
_a658.4 _bA5451 _222 |
| 100 |
_aAnderson, David Ray, _925473 |
||
| 245 | 1 | 3 |
_aAn Introduction to Management Science : _bQuantitative Approaches to Decision Making / _cDavid R. Anderson, Dennis J. Sweeney, Thomas A. Williams. |
| 250 | _a9th ed. | ||
| 260 |
_aCincinnati : _bSouth-Western College Pub., 2000 _c2000. |
||
| 300 |
_axix, 848, 46, 6 p. : _bill. ; _c27 cm. |
||
| 504 | _aIncludes bibliographical references (p. A-7-A-8) and index. | ||
| 650 | 0 |
_aManagement science. _925474 |
|
| 653 |
_bEco _bBus |
||
| 700 | 1 |
_aSweeney, Dennis J. _925475 |
|
| 700 | 1 |
_aWilliams, Thomas Arthur, _d1944- _925476 |
|
| 942 |
_cBB _k658.4 A5451 _2ddc |
||
| 999 |
_c4165 _d4165 |
||